00916nam a2200241 a 45000010005000000030005000050050017000100080041000270200015000680400020000831000033001032450076001362460066002122600032002783000011003104900031003215050134003526500032004867000033005189420013005519990015005649520095005791898CDMR20131023095137.0130130s1976||||||||||||||||||||||||||||d a8424404033 aCDMRbcatcCDMR1 aLiebert, Robert Mandel9141513aLa TV y los niñoscRobert M. Liebert, John M. Neale, Emily S. Davison 1aThe Early Window: Effects of Television on Children and Youth aBarcelonac1976bFontanella a361 p.0 aEducación - Sociedadv31 aConté apèndix a l'edició castellana: Una experiencia concreta realizada en una escuela de Barcelona de Joan Soler i Amigó0492508aTelevisió i infants1 94156aSoler i Amigó, Joan cMON2udc c1898d1898 00104070aCDMRbCDMRd2013-01-16l0oFo 12/2pCDMR13107643Dr2013-01-16w2013-01-16yMON